000 00655cam a22002171 4500
001 af 47006989
003 DLC
005 20260227110840.0
008 780425s1942 ne 000 1 dut c
010 _aaf 47006989
040 _aCornell Univ. Library
_cNIC
_dDLC
041 1 _adut
_hice
050 0 0 _aPT7511.L3
_bL5
100 0 _aHalldór Laxness,
_d1902-1998.
240 1 0 _aHeimsljós.
_lDutch
245 1 4 _aHet licht der wereld.
_cGeautoriseerde vertaling uit het IJslandsch van Annie Posthumus.
260 _aDen Haag,
_bA. M. C. Stok
_c[1942]
300 _a231 p.
_bcol. front.
_c24 cm.
440 0 _aCultuur-serie
700 1 _aPosthumus, Annie,
_etr.
999 _c3783
_d3783